| 000 | 00501nam a2200169Ia 4500 | ||
|---|---|---|---|
| 003 | OSt | ||
| 005 | 20200923111247.0 | ||
| 008 | 190216s9999||||xx |||||||||||||| ||und|| | ||
| 040 | _coclc | ||
| 082 |
_a581.3 _bMAH/I |
||
| 100 |
_aMaheshwari, P _94843 |
||
| 245 | 0 |
_aIntroduction To The Embryology Of Angiosperms / _cP Maheshwari |
|
| 260 |
_bTata Mcgrawhill Publishers, _c1950. _aNew Delhi: |
||
| 300 | _a453p | ||
| 650 | _aBotany | ||
| 942 |
_cBK _2ddc _h581.3 _iMAH/I _k581.3 _mMAH/I |
||
| 999 |
_c1150 _d1150 |
||